[Event "20. Obert Int. Sant Marti 2018 - B"]
[Site "Barcelona ESP"]
[Date "2018.07.19"]
[Round "7.53"]
[White "Torres Ribe, Ricard"]
[Black "Corominas Garrido, Jordi"]
[Result "1-0"]
[WhiteElo "1593"]
[BlackElo "1853"]
[PlyCount "41"]
[EventDate "2018.07.13"]
[EventType "swiss"]
[EventRounds "9"]
[EventCountry "ESP"]
[SourceTitle "Ajedrez en Madrid"]
[Source "lmi"]
[SourceDate "2018.07.13"]
[SourceVersion "1"]
[SourceVersionDate "2019.06.21"]
[SourceQuality "1"]

1. e4 e6 2. d4 d5 3. Nc3 Nf6 4. e5 Nfd7 5. Nf3 c5 6. dxc5 Bxc5 7. Bd3 Nc6 8.
Bf4 a6 9. O-O b5 10. a3 Qb6 11. Qe2 O-O 12. Rae1 Nd4 13. Bxh7+ Kh8 14. Nxd4
Kxh7 15. Qh5+ Kg8 16. Nf3 g6 17. Qh6 Be7 18. Ng5 Bxg5 19. Bxg5 Qd4 20. Re3 Nxe5
21. Bf6 1-0

[Event "20. Obert Int. Sant Marti 2018 - B"]
[Site "Barcelona ESP"]
[Date "2018.07.19"]
[Round "7.54"]
[White "Gomez Parla, Josep"]
[Black "Ankit, Dalal"]
[Result "0-1"]
[WhiteElo "1794"]
[BlackElo "1591"]
[PlyCount "110"]
[EventDate "2018.07.13"]
[EventType "swiss"]
[EventRounds "9"]
[EventCountry "ESP"]
[SourceTitle "Ajedrez en Madrid"]
[Source "lmi"]
[SourceDate "2018.07.13"]
[SourceVersion "1"]
[SourceVersionDate "2019.06.21"]
[SourceQuality "1"]

1. e4 e6 2. d4 f5 3. exf5 exf5 4. Nf3 Nf6 5. Bd3 d5 6. O-O Be7 7. Bg5 O-O 8. c3
c6 9. Qc2 Ne4 10. Bxe7 Qxe7 11. Ne5 Nd7 12. Nxd7 Bxd7 13. f3 Nd6 14. Na3 Rae8
15. Qd2 Qh4 16. Rae1 Rxe1 17. Qxe1 Qxe1 18. Rxe1 Kf7 19. Nc2 f4 20. g4 h6 21.
h4 g5 22. h5 Kf6 23. Bg6 Be8 24. Bxe8 Rxe8 25. Rxe8 Nxe8 26. Nb4 Nd6 27. b3 Nb5
28. c4 dxc4 29. bxc4 Nxd4 30. Kf2 Ke6 31. Nd3 a5 32. Nc5+ Ke5 33. Nxb7 a4 34.
Nc5 a3 35. Nd3+ Kd6 36. Kg2 Ne2 37. Kf2 Nc3 38. Nb4 Kc5 39. Nc2 Nb1 40. Ke2
Kxc4 41. Kd1 Kc3 42. Kc1 Nd2 43. Ne1 c5 44. Kd1 c4 45. Kc1 Nf1 46. Nc2 Kd3 47.
Nxa3 Nh2 48. Nc2 Nxf3 49. a4 Nd4 50. Nb4+ Ke2 51. Nd5 f3 52. Nc3+ Ke1 53. Ne4
f2 54. Nxf2 Kxf2 55. a5 Nb3+ 0-1

[Event "20. Obert Int. Sant Marti 2018 - B"]
[Site "Barcelona ESP"]
[Date "2018.07.19"]
[Round "7.56"]
[White "Cervera Lopez, Miguel"]
[Black "Valero Recalde, Pablo"]
[Result "0-1"]
[WhiteElo "1578"]
[BlackElo "1715"]
[PlyCount "62"]
[EventDate "2018.07.13"]
[EventType "swiss"]
[EventRounds "9"]
[EventCountry "ESP"]
[SourceTitle "Ajedrez en Madrid"]
[Source "lmi"]
[SourceDate "2018.07.13"]
[SourceVersion "1"]
[SourceVersionDate "2019.06.21"]
[SourceQuality "1"]

1. c4 b6 2. d4 Bb7 3. Nc3 e6 4. e4 Bb4 5. Bd3 f5 6. d5 fxe4 7. Bxe4 Nf6 8. Bg5
O-O 9. Qd3 Bxc3+ 10. bxc3 h6 11. Bh4 Na6 12. Bf3 Qe8 13. O-O-O Nc5 14. Qc2 d6
15. dxe6 Bxf3 16. Nxf3 Qxe6 17. Rhe1 Qxc4 18. Rd4 Qf7 19. Re3 Rae8 20. Rxe8
Rxe8 21. c4 Nh5 22. Bg3 Nxg3 23. hxg3 Re6 24. Rf4 Qe8 25. Qd1 Re2 26. Qd5+ Qe6
27. Qa8+ Kh7 28. Kd1 Rxa2 29. Nd4 Ra1+ 30. Kc2 Qxc4+ 31. Kd2 Qc1+ 0-1

[Event "20. Obert Int. Sant Marti 2018 - B"]
[Site "Barcelona ESP"]
[Date "2018.07.19"]
[Round "7.57"]
[White "Roche Peris, Eduard"]
[Black "Gibert Juan, Ramon"]
[Result "1-0"]
[WhiteElo "1705"]
[BlackElo "1567"]
[PlyCount "81"]
[EventDate "2018.07.13"]
[EventType "swiss"]
[EventRounds "9"]
[EventCountry "ESP"]
[SourceTitle "Ajedrez en Madrid"]
[Source "lmi"]
[SourceDate "2018.07.13"]
[SourceVersion "1"]
[SourceVersionDate "2019.06.21"]
[SourceQuality "1"]

1. e4 e6 2. d4 d5 3. Nc3 c5 4. exd5 cxd4 5. Qxd4 Nf6 6. Bb5+ Nc6 7. Bg5 Be7 8.
dxc6 Qxd4 9. cxb7+ Nd7 10. Bxd7+ Qxd7 11. bxa8=Q Bxg5 12. Rd1 Qb7 13. Qxb7 Bxb7
14. Nf3 Bf6 15. O-O O-O 16. Rd7 Rb8 17. Rfd1 h6 18. h3 Bc6 19. Rxa7 Rxb2 20.
Rc7 Bxf3 21. gxf3 Rxc2 22. Nb5 Rxa2 23. Nd6 Bh4 24. Rc8+ Kh7 25. Ne4 Ra3 26.
Rc3 Ra2 27. Rd2 Ra7 28. Rdc2 f5 29. Ng3 Kg6 30. Rc6 Kf6 31. Nh5+ Kg5 32. Ng3
Kf4 33. Kg2 Ra3 34. Rxe6 Kg5 35. Rc4 Bxg3 36. Kxg3 g6 37. Rcc6 f4+ 38. Kg2 h5
39. Rxg6+ Kh4 40. Rc4 Rxf3 41. Kxf3 1-0

[Event "20. Obert Int. Sant Marti 2018 - B"]
[Site "Barcelona ESP"]
[Date "2018.07.19"]
[Round "7.58"]
[White "Martin Sanchez, Antoni"]
[Black "Santolaria Pena, M."]
[Result "0-1"]
[WhiteElo "1552"]
[BlackElo "1694"]
[PlyCount "76"]
[EventDate "2018.07.13"]
[EventType "swiss"]
[EventRounds "9"]
[EventCountry "ESP"]
[SourceTitle "Ajedrez en Madrid"]
[Source "lmi"]
[SourceDate "2018.07.13"]
[SourceVersion "1"]
[SourceVersionDate "2019.06.21"]
[SourceQuality "1"]

1. d4 d5 2. Bf4 c6 3. Nf3 Bf5 4. Nbd2 e6 5. e3 Bd6 6. Bxd6 Qxd6 7. c3 Nf6 8.
Be2 O-O 9. O-O h6 10. Rc1 Nbd7 11. h3 Rfe8 12. Re1 e5 13. dxe5 Nxe5 14. Nd4 Bg6
15. a3 Nd3 16. Bxd3 Bxd3 17. c4 Bg6 18. cxd5 Qxd5 19. b4 a6 20. Rc5 Qd7 21. Qf3
Rad8 22. Rec1 Ne4 23. Nxe4 Bxe4 24. Qg3 Bg6 25. Ne2 Qd6 26. Nf4 Bh7 27. Kh2 Rd7
28. R1c4 Rde7 29. a4 Re4 30. Rxe4 Rxe4 31. Qg4 f5 32. Rxf5 Bxf5 33. Qxf5 Re8
34. h4 Rf8 35. Qa5 Qf6 36. g3 g5 37. hxg5 hxg5 38. Nd3 Rd8 0-1

[Event "20. Obert Int. Sant Marti 2018 - B"]
[Site "Barcelona ESP"]
[Date "2018.07.19"]
[Round "7.59"]
[White "Rodriguez Batuecas, Jordi"]
[Black "Martinez Torras, Pol"]
[Result "1/2-1/2"]
[WhiteElo "1543"]
[BlackElo "1675"]
[PlyCount "102"]
[EventDate "2018.07.13"]
[EventType "swiss"]
[EventRounds "9"]
[EventCountry "ESP"]
[SourceTitle "Ajedrez en Madrid"]
[Source "lmi"]
[SourceDate "2018.07.13"]
[SourceVersion "1"]
[SourceVersionDate "2019.06.21"]
[SourceQuality "1"]

1. e4 c6 2. d4 d5 3. exd5 cxd5 4. Bd3 Nc6 5. c3 Nf6 6. Bf4 e6 7. Ne2 Bd6 8.
Bxd6 Qxd6 9. O-O O-O 10. Nd2 Re8 11. Nf3 a6 12. Re1 b5 13. Ng3 e5 14. dxe5 Nxe5
15. Nxe5 Rxe5 16. Rxe5 Qxe5 17. Qe2 Qxe2 18. Bxe2 Be6 19. a4 bxa4 20. Rxa4 Bc8
21. Bd3 a5 22. b4 Bb7 23. Rxa5 Rxa5 24. bxa5 Nd7 25. Nf5 Nc5 26. Bb5 g6 27. Nd6
Ba6 28. Kf1 Kf8 29. Ke2 Ke7 30. Bxa6 Nxa6 31. Nb5 Kd7 32. Ke3 Kc6 33. Na3 Kc5
34. Kd3 Nb8 35. Nc2 Nc6 36. a6 Kb6 37. Nb4 Nxb4+ 38. cxb4 Kxa6 39. Kd4 Kb5 40.
Kxd5 Kxb4 41. f4 f5 42. Kd4 Kb5 43. h3 Kc6 44. Ke5 Kc5 45. g4 fxg4 46. hxg4 h5
47. gxh5 gxh5 48. Kf5 Kd5 49. Kg5 Ke4 50. f5 h4 51. Kxh4 Kxf5 1/2-1/2

[Event "20. Obert Int. Sant Marti 2018 - B"]
[Site "Barcelona ESP"]
[Date "2018.07.19"]
[Round "7.60"]
[White "Pereda Villalba, Julian"]
[Black "Sanchez Viana, Jordi"]
[Result "1-0"]
[WhiteElo "1669"]
[BlackElo "1536"]
[PlyCount "97"]
[EventDate "2018.07.13"]
[EventType "swiss"]
[EventRounds "9"]
[EventCountry "ESP"]
[SourceTitle "Ajedrez en Madrid"]
[Source "lmi"]
[SourceDate "2018.07.13"]
[SourceVersion "1"]
[SourceVersionDate "2019.06.21"]
[SourceQuality "1"]

1. d4 d5 2. Nf3 Nf6 3. h3 h6 4. c4 c6 5. Nc3 dxc4 6. a4 Bf5 7. e3 Bd3 8. Bxd3
cxd3 9. Qxd3 e6 10. O-O Bd6 11. Rd1 O-O 12. b3 Na6 13. Ba3 Bxa3 14. Rxa3 Qd6
15. Raa1 Nb4 16. Qe2 Nfd5 17. Ne4 Qe7 18. Rdc1 f5 19. Nc5 a5 20. Ne5 Rfd8 21.
Ncd3 Nxd3 22. Nxd3 Nf6 23. Qc2 Ne4 24. Ne5 Rd5 25. Kh2 c5 26. f3 Nf6 27. Ng6
Qd6+ 28. Kh1 cxd4 29. Nf4 Re5 30. e4 fxe4 31. fxe4 Nxe4 32. Qc7 Qxc7 33. Rxc7
Rf8 34. Ng6 Rff5 35. Nxe5 Rxe5 36. Rd7 d3 37. Kg1 d2 38. Rd3 Rc5 39. Rd1 Rc1
40. R3xd2 Rc3 41. Rd3 Rc2 42. Re3 Nc5 43. Rb1 Kf7 44. b4 axb4 45. Rxb4 Ra2 46.
Rb5 b6 47. Rxb6 Rxa4 48. Rc6 Re4 49. Rf3+ 1-0

[Event "20. Obert Int. Sant Marti 2018 - B"]
[Site "Barcelona ESP"]
[Date "2018.07.19"]
[Round "7.61"]
[White "Valbuena Castro, Gregorio"]
[Black "Garcia Miralles, Eduard"]
[Result "0-1"]
[WhiteElo "1646"]
[BlackElo "1443"]
[PlyCount "78"]
[EventDate "2018.07.13"]
[EventType "swiss"]
[EventRounds "9"]
[EventCountry "ESP"]
[SourceTitle "Ajedrez en Madrid"]
[Source "lmi"]
[SourceDate "2018.07.13"]
[SourceVersion "1"]
[SourceVersionDate "2019.06.21"]
[SourceQuality "1"]

1. e4 e5 2. d4 exd4 3. Nf3 Bb4+ 4. c3 dxc3 5. bxc3 Bc5 6. Bc4 Ne7 7. Bg5 d6 8.
O-O Nbc6 9. Nd4 Bd7 10. Nf5 h6 11. Nxg7+ Kf8 12. Bf6 Rg8 13. Nf5 Bxf5 14. exf5
Ne5 15. Bb3 Ng4 16. Bh4 Qd7 17. h3 Nxf5 18. Be7+ Qxe7 19. hxg4 Ng3 20. Qf3 Ne2+
21. Kh1 Qh4+ 22. Qh3 Rxg4 23. Nd2 Rf4 24. Rae1 Qxh3+ 25. gxh3 Nxc3 26. Kg2 Re8
27. Rxe8+ Kxe8 28. Re1+ Kf8 29. f3 Rd4 30. Nf1 a5 31. Rc1 Nd5 32. Kg3 a4 33.
Bc4 c6 34. Nh2 b5 35. Bf1 Rd2 36. a3 Bf2+ 37. Kg4 Kg7 38. Rxc6 Ne3+ 39. Kh5
Rd5# 0-1

[Event "20. Obert Int. Sant Marti 2018 - B"]
[Site "Barcelona ESP"]
[Date "2018.07.19"]
[Round "7.62"]
[White "Folch Brach, Jordi"]
[Black "Rodriguez Gonzalez, Feliciano"]
[Result "1-0"]
[WhiteElo "1644"]
[BlackElo "1403"]
[PlyCount "73"]
[EventDate "2018.07.13"]
[EventType "swiss"]
[EventRounds "9"]
[EventCountry "ESP"]
[SourceTitle "Ajedrez en Madrid"]
[Source "lmi"]
[SourceDate "2018.07.13"]
[SourceVersion "1"]
[SourceVersionDate "2019.06.21"]
[SourceQuality "1"]

1. d4 d5 2. c4 e6 3. Nc3 Nf6 4. Bg5 Be7 5. Nf3 Nc6 6. e3 b6 7. cxd5 exd5 8. Bb5
Bb7 9. Qa4 Qd6 10. Ne5 O-O 11. Bxc6 Rab8 12. Bxb7 Rxb7 13. Qc6 Rfb8 14. Qxd6
cxd6 15. Nc6 Rc8 16. Nxe7+ Rxe7 17. Bxf6 gxf6 18. Nxd5 Re6 19. O-O Rc2 20. Rab1
Kg7 21. Rfc1 Rxc1+ 22. Rxc1 Re8 23. Rc7 a5 24. Rc6 f5 25. g3 b5 26. Kf1 h5 27.
Ke2 Rb8 28. Kd3 a4 29. Rb6 Rc8 30. Nc3 h4 31. Rxb5 hxg3 32. hxg3 Kg6 33. Rb4
Kg5 34. f3 Rh8 35. Ne2 Rh2 36. Rxa4 Rf2 37. b4 1-0

[Event "20. Obert Int. Sant Marti 2018 - B"]
[Site "Barcelona ESP"]
[Date "2018.07.19"]
[Round "7.63"]
[White "Ferre Navarro, Joan"]
[Black "Jimenez Rimblas, Raul"]
[Result "1-0"]
[WhiteElo "1629"]
[BlackElo "1313"]
[PlyCount "117"]
[EventDate "2018.07.13"]
[EventType "swiss"]
[EventRounds "9"]
[EventCountry "ESP"]
[SourceTitle "Ajedrez en Madrid"]
[Source "lmi"]
[SourceDate "2018.07.13"]
[SourceVersion "1"]
[SourceVersionDate "2019.06.21"]
[SourceQuality "1"]

1. d4 g6 2. Nf3 Bg7 3. Bf4 Nf6 4. h3 d5 5. e3 Nc6 6. c3 Bd7 7. Be2 O-O 8. O-O
Re8 9. Nbd2 Nh5 10. Bh2 e5 11. dxe5 Nxe5 12. Nxe5 Bxe5 13. Bxh5 Bxh2+ 14. Kxh2
gxh5 15. Qxh5 c6 16. Nf3 Qf6 17. Qg5+ Qxg5 18. Nxg5 Kg7 19. Rad1 Kf6 20. h4 h6
21. Nf3 Bg4 22. Rd4 Bxf3 23. Rf4+ Kg6 24. Rxf3 Re4 25. g3 Rg8 26. Rd1 b5 27.
Rd4 Rge8 28. Rf4 f5 29. Kh3 Rxd4 30. Rxd4 Re4 31. Rd3 Kh5 32. Rd4 a5 33. a3 Kg6
34. Rxe4 fxe4 35. g4 Kf6 36. Kg3 Ke5 37. f4+ exf3 38. Kxf3 c5 39. b3 b4 40.
cxb4 axb4 41. axb4 cxb4 42. h5 d4 43. exd4+ Kxd4 44. g5 hxg5 45. h6 Kc3 46. h7
Kxb3 47. h8=Q Ka3 48. Qa1+ Kb3 49. Kg4 Kc4 50. Qb2 b3 51. Kxg5 Kb4 52. Kf4 Kc4
53. Ke4 Kb4 54. Kd3 Ka4 55. Kc4 Ka5 56. Qxb3 Ka6 57. Kc5 Ka7 58. Kc6 Ka8 59.
Qb7# 1-0

[Event "20. Obert Int. Sant Marti 2018 - B"]
[Site "Barcelona ESP"]
[Date "2018.07.19"]
[Round "7.65"]
[White "Mas Sayos, Lluis"]
[Black "Minko, Uliana"]
[Result "1-0"]
[WhiteElo "1687"]
[BlackElo "1284"]
[PlyCount "119"]
[EventDate "2018.07.13"]
[EventType "swiss"]
[EventRounds "9"]
[EventCountry "ESP"]
[SourceTitle "Ajedrez en Madrid"]
[Source "lmi"]
[SourceDate "2018.07.13"]
[SourceVersion "1"]
[SourceVersionDate "2019.06.21"]
[SourceQuality "1"]

1. e4 e6 2. d3 d5 3. Nd2 Nf6 4. Ngf3 dxe4 5. dxe4 Nbd7 6. Bb5 a6 7. Be2 b5 8.
c4 c6 9. O-O Bb7 10. b3 Be7 11. Bb2 O-O 12. Qc2 Qb6 13. e5 Ne8 14. Ne4 f6 15.
Rac1 c5 16. Rfd1 Rd8 17. exf6 Nexf6 18. Neg5 h6 19. Nh3 Be4 20. Qc3 b4 21. Qe3
Bg6 22. Nf4 Bf5 23. Nh4 Ng4 24. Bxg4 Bxh4 25. Bxf5 Rxf5 26. g3 Bg5 27. Rd3 e5
28. Rcd1 exf4 29. gxf4 Bxf4 30. Qe4 Rg5+ 31. Kh1 Qc7 32. Qe6+ Kh7 33. Rxd7 Rxd7
34. Rxd7 Qb8 35. Qe7 Qa8+ 36. Rb7 Qg8 37. Qe4+ Kh8 38. Qxf4 Kh7 39. Qf7 Qxf7
40. Rxf7 Kg8 41. Rc7 Kf8 42. h3 Rf5 43. Bxg7+ Ke8 44. Kg2 h5 45. Bh6 Rf6 46.
Be3 Rg6+ 47. Kf1 Rd6 48. Rxc5 Rd1+ 49. Kg2 Ra1 50. Ra5 Kd7 51. Rxa6 h4 52. Bc5
Kc7 53. Bxb4 Kb7 54. Ra5 Kb6 55. c5+ Kc6 56. Ra6+ Kd5 57. c6 Rc1 58. Be7 Rxc6
59. Rxc6 Kxc6 60. Bxh4 1-0

[Event "20. Obert Int. Sant Marti 2018 - B"]
[Site "Barcelona ESP"]
[Date "2018.07.19"]
[Round "7.66"]
[White "Marzo Ruiz, Xavier"]
[Black "Corominas Garrido, Antonio"]
[Result "0-1"]
[WhiteElo "1417"]
[BlackElo "1798"]
[PlyCount "84"]
[EventDate "2018.07.13"]
[EventType "swiss"]
[EventRounds "9"]
[EventCountry "ESP"]
[SourceTitle "Ajedrez en Madrid"]
[Source "lmi"]
[SourceDate "2018.07.13"]
[SourceVersion "1"]
[SourceVersionDate "2019.06.21"]
[SourceQuality "1"]

1. d4 Nf6 2. Bg5 Ne4 3. Bh4 d5 4. f3 Nd6 5. Nc3 c6 6. Qd2 Nc4 7. Qc1 Qa5 8. e3
Bf5 9. Bxc4 dxc4 10. e4 Bg6 11. Nge2 Nd7 12. O-O e6 13. e5 Be7 14. Bxe7 Kxe7
15. Ne4 Qb6 16. c3 Nxe5 17. Nf4 Nd3 18. Nxd3 cxd3 19. Qd2 Rhd8 20. Qxd3 e5 21.
Kh1 exd4 22. Rfe1 Kf8 23. Qc4 dxc3 24. Qxc3 h6 25. Qa3+ Kg8 26. Re2 Bxe4 27.
fxe4 Re8 28. Qf3 Re7 29. Rf1 Qc7 30. Qg4 Rae8 31. Rf3 Qd7 32. Qxd7 Rxd7 33. Rf1
Re5 34. Kg1 Rde7 35. Rd1 f5 36. Rd8+ Kh7 37. Ra8 a6 38. Rd2 Rxe4 39. Rdd8 Re2
40. Rh8+ Kg6 41. Rad8 Rxb2 42. Rd6+ Kf7 0-1

[Event "20. Obert Int. Sant Marti 2018 - B"]
[Site "Barcelona ESP"]
[Date "2018.07.19"]
[Round "7.67"]
[White "Salazar Navas, Josep"]
[Black "Bienvenido Kleque, Jose"]
[Result "1-0"]
[WhiteElo "1677"]
[BlackElo "1439"]
[PlyCount "63"]
[EventDate "2018.07.13"]
[EventType "swiss"]
[EventRounds "9"]
[EventCountry "ESP"]
[SourceTitle "Ajedrez en Madrid"]
[Source "lmi"]
[SourceDate "2018.07.13"]
[SourceVersion "1"]
[SourceVersionDate "2019.06.21"]
[SourceQuality "1"]

1. e4 c5 2. Nc3 Nc6 3. g3 g6 4. Bg2 Bg7 5. d3 d6 6. Be3 Nf6 7. h3 O-O 8. Qd2
Be6 9. Nge2 a6 10. O-O Qd7 11. Nf4 b5 12. Nxe6 fxe6 13. f4 Rac8 14. Ne2 c4 15.
d4 Rcd8 16. d5 exd5 17. exd5 Nb8 18. Nd4 Rfe8 19. Ne6 Rc8 20. c3 Qb7 21. g4
Nfd7 22. Bd4 Bh8 23. Bxh8 Kxh8 24. Qd4+ Nf6 25. g5 Nbd7 26. gxf6 Nxf6 27. f5
Rg8 28. Kh2 Qd7 29. Be4 Qe8 30. fxg6 hxg6 31. Rf4 g5 32. Rxf6 1-0

[Event "20. Obert Int. Sant Marti 2018 - B"]
[Site "Barcelona ESP"]
[Date "2018.07.19"]
[Round "7.68"]
[White "Domenche Redondo, Francesc"]
[Black "Olleta Tanya, Jordi"]
[Result "1-0"]
[WhiteElo "1652"]
[BlackElo "1409"]
[PlyCount "103"]
[EventDate "2018.07.13"]
[EventType "swiss"]
[EventRounds "9"]
[EventCountry "ESP"]
[SourceTitle "Ajedrez en Madrid"]
[Source "lmi"]
[SourceDate "2018.07.13"]
[SourceVersion "1"]
[SourceVersionDate "2019.06.21"]
[SourceQuality "1"]

1. d4 e6 2. f4 Nf6 3. e3 d5 4. Bd3 c5 5. c3 Bd7 6. Nf3 c4 7. Bc2 a6 8. Nbd2 Nc6
9. Ne5 Nxe5 10. fxe5 Ne4 11. Bxe4 dxe4 12. O-O Be7 13. Nxc4 b5 14. Nd6+ Bxd6
15. exd6 Bc6 16. Qh5 O-O 17. Qe5 Bd5 18. Bd2 f6 19. Qg3 f5 20. a4 Rf6 21. axb5
Rg6 22. Qe5 Bc4 23. Rf2 Bxb5 24. b3 Bd7 25. c4 h6 26. Ba5 Qb8 27. b4 Qc8 28.
Bc7 Qb7 29. Qc5 Rf6 30. Rfa2 Rff8 31. b5 axb5 32. Ra7 Rxa7 33. Rxa7 Qc6 34.
cxb5 Qxb5 35. Qc1 Rf7 36. Ra8+ Kh7 37. Rb8 Qd3 38. g3 g5 39. d5 exd5 40. Bb6 f4
41. Bd4 f3 42. Rb2 f2+ 43. Rxf2 Rxf2 44. Kxf2 Kg6 45. Qf1 Qd2+ 46. Kg1 Qb4 47.
Qf6+ Kh5 48. Qf7+ Kg4 49. Qxd7+ Kf3 50. Qf7+ Ke2 51. Qf1+ Kd2 52. d7 1-0

[Event "20. Obert Int. Sant Marti 2018 - B"]
[Site "Barcelona ESP"]
[Date "2018.07.19"]
[Round "7.70"]
[White "Sanchez Coves, Juan Josep"]
[Black "Padin Jimenez, Oriol"]
[Result "0-1"]
[WhiteElo "1580"]
[BlackElo "1396"]
[PlyCount "56"]
[EventDate "2018.07.13"]
[EventType "swiss"]
[EventRounds "9"]
[EventCountry "ESP"]
[SourceTitle "Ajedrez en Madrid"]
[Source "lmi"]
[SourceDate "2018.07.13"]
[SourceVersion "1"]
[SourceVersionDate "2019.06.21"]
[SourceQuality "1"]

1. e4 c5 2. Nc3 d6 3. Bb5+ Bd7 4. Qg4 Bxb5 5. Nxb5 Nf6 6. Qe2 g6 7. e5 dxe5 8.
Qxe5 Na6 9. Nf3 Bg7 10. Qe2 O-O 11. O-O Nc7 12. d4 Nxb5 13. Qxb5 cxd4 14. Qxb7
Qd6 15. Re1 Nd5 16. Qb3 Rfb8 17. Qc4 Rc8 18. Qe2 Re8 19. Bd2 Rab8 20. Rab1 d3
21. Qxd3 Rxb2 22. Rxb2 Bxb2 23. c3 Qc5 24. Re5 e6 25. Nd4 Bxc3 26. Bxc3 Qxc3
27. Qxc3 Nxc3 28. Ra5 Rd8 0-1

[Event "20. Obert Int. Sant Marti 2018 - B"]
[Site "Barcelona ESP"]
[Date "2018.07.19"]
[Round "7.71"]
[White "Pandey, Vedanshi"]
[Black "Ayllon Barranco, Miguel"]
[Result "0-1"]
[WhiteElo "1075"]
[BlackElo "1550"]
[PlyCount "118"]
[EventDate "2018.07.13"]
[EventType "swiss"]
[EventRounds "9"]
[EventCountry "ESP"]
[SourceTitle "Ajedrez en Madrid"]
[Source "lmi"]
[SourceDate "2018.07.13"]
[SourceVersion "1"]
[SourceVersionDate "2019.06.21"]
[SourceQuality "1"]

1. e4 e6 2. d4 d5 3. exd5 exd5 4. Nc3 Bf5 5. Bf4 a6 6. Bd3 Be6 7. a3 Nf6 8. h3
Be7 9. Nf3 Nbd7 10. O-O O-O 11. Ne5 Rc8 12. b4 Nxe5 13. Bxe5 c6 14. f4 Ra8 15.
Qf3 Bc8 16. f5 Kh8 17. Ne2 Re8 18. Nf4 Ne4 19. Nh5 f6 20. Bf4 Bxf5 21. Bh6 gxh6
22. Qxf5 Rg8 23. Bxe4 dxe4 24. Nxf6 Qxd4+ 25. Kh1 Bxf6 26. Qxf6+ Qxf6 27. Rxf6
Kg7 28. Raf1 Rgf8 29. Rxf8 Rxf8 30. Rxf8 Kxf8 31. Kg1 Ke7 32. Kf2 Ke6 33. c4 b5
34. c5 Kd5 35. Ke3 Ke5 36. g3 Kd5 37. g4 Ke5 38. Ke2 Kd4 39. Kd2 Kc4 40. Ke3
Kd5 41. Ke2 Kd4 42. Kd2 e3+ 43. Ke2 Ke4 44. Ke1 Kd3 45. Kd1 e2+ 46. Ke1 Kc3 47.
Kxe2 Kb3 48. Ke3 Kxa3 49. Ke4 Kxb4 50. Ke5 Kxc5 51. Kf6 b4 52. Kg7 b3 53. Kxh7
b2 54. Kxh6 b1=Q 55. g5 Qh1 56. g6 Qxh3+ 57. Kg7 Qg4 58. Kf7 Kb4 59. g7 c5 0-1

[Event "20. Obert Int. Sant Marti 2018 - B"]
[Site "Barcelona ESP"]
[Date "2018.07.19"]
[Round "7.72"]
[White "Munt Serrano, Jesus"]
[Black "Pinyol I Llora, Julia"]
[Result "0-1"]
[WhiteElo "1511"]
[BlackElo "1374"]
[PlyCount "56"]
[EventDate "2018.07.13"]
[EventType "swiss"]
[EventRounds "9"]
[EventCountry "ESP"]
[SourceTitle "Ajedrez en Madrid"]
[Source "lmi"]
[SourceDate "2018.07.13"]
[SourceVersion "1"]
[SourceVersionDate "2019.06.21"]
[SourceQuality "1"]

1. e4 e6 2. d4 d5 3. Nc3 Nf6 4. e5 Nfd7 5. f4 c5 6. Be3 Nc6 7. Nf3 Be7 8. Qd2
Qb6 9. Na4 Qb4 10. Qxb4 Nxb4 11. O-O-O Nxa2+ 12. Kb1 cxd4 13. Kxa2 dxe3 14. Rd3
Nc5 15. Nxc5 Bxc5 16. Nd4 b6 17. c3 e2 18. Bxe2 Ba6 19. Rd2 Bxd4 20. Bxa6 Be3
21. Re2 Bxf4 22. Bb5+ Ke7 23. g3 Bh6 24. Rf1 Rhf8 25. Rd1 Rac8 26. c4 a6 27.
cxd5 axb5 28. d6+ Kd7 0-1

[Event "20. Obert Int. Sant Marti 2018 - B"]
[Site "Barcelona ESP"]
[Date "2018.07.19"]
[Round "7.74"]
[White "Gomez Fernandez, Miquel"]
[Black "Planella Zavala, Ivan"]
[Result "0-1"]
[WhiteElo "1485"]
[BlackElo "1310"]
[PlyCount "136"]
[EventDate "2018.07.13"]
[EventType "swiss"]
[EventRounds "9"]
[EventCountry "ESP"]
[SourceTitle "Ajedrez en Madrid"]
[Source "lmi"]
[SourceDate "2018.07.13"]
[SourceVersion "1"]
[SourceVersionDate "2019.06.21"]
[SourceQuality "1"]

1. e4 e5 2. Nf3 Nc6 3. Bc4 Bc5 4. O-O Nf6 5. d3 h6 6. c3 d6 7. a4 a5 8. h3 O-O
9. Re1 Be6 10. Bxe6 fxe6 11. Be3 Bxe3 12. Rxe3 Re8 13. Qb3 b6 14. Nbd2 Qd7 15.
d4 exd4 16. cxd4 d5 17. e5 Nh7 18. Qb5 Nb8 19. Qd3 Nc6 20. Nh4 Nb4 21. Qb1 Nc6
22. Ndf3 Ne7 23. Nh2 Rf8 24. Rg3 Nf5 25. Nxf5 Rxf5 26. Qd1 Raf8 27. Ng4 Kh8 28.
Qd2 Ng5 29. f3 Rc8 30. h4 Nh7 31. Qc2 c5 32. dxc5 Rxc5 33. Qd3 Qc6 34. Ne3 Rf7
35. Rf1 Rc1 36. Qb5 Rxf1+ 37. Nxf1 Qxb5 38. axb5 Rc7 39. f4 Rc4 40. b3 Rc5 41.
Ne3 Rxb5 42. Ng4 Rc5 43. Re3 b5 44. Nf2 Nf8 45. Nd3 Rc3 46. Kf2 Rxb3 47. Nc5
Rxe3 48. Kxe3 Kg8 49. Kd4 a4 50. Kc3 Kf7 51. Kb4 d4 52. Kxb5 d3 53. Nxd3 a3 54.
Nc1 Kg6 55. Kb4 a2 56. Nxa2 Kf5 57. g3 Kg4 58. Kc5 Kxg3 59. Kd6 Kxh4 60. Nc1
Kg4 61. Nd3 h5 62. Ke7 Ng6+ 63. Kxe6 h4 64. Kf7 Nxf4 65. Nxf4 Kxf4 66. e6 h3
67. e7 h2 68. e8=Q h1=Q 0-1

[Event "20. Obert Int. Sant Marti 2018 - B"]
[Site "Barcelona ESP"]
[Date "2018.07.19"]
[Round "7.76"]
[White "Yuste Fornell, Ramon"]
[Black "Membrives Pino, Didac"]
[Result "0-1"]
[WhiteElo "1948"]
[BlackElo "1477"]
[PlyCount "45"]
[EventDate "2018.07.13"]
[EventType "swiss"]
[EventRounds "9"]
[EventCountry "ESP"]
[SourceTitle "Ajedrez en Madrid"]
[Source "lmi"]
[SourceDate "2018.07.13"]
[SourceVersion "1"]
[SourceVersionDate "2019.06.21"]
[SourceQuality "1"]

1. e4 d6 2. d4 Nf6 3. Nc3 Nbd7 4. Nf3 e5 5. Bc4 Be7 6. Bxf7+ Kxf7 7. Ng5+ Kg8
8. Ne6 Qe8 9. Nxc7 Qg6 10. Nxa8 Qxg2 11. Rf1 exd4 12. Qe2 Ne5 13. f4 Qxe2+ 14.
Nxe2 Nc4 15. b3 Ne3 16. Bxe3 dxe3 17. O-O-O Bg4 18. Rde1 Nxe4 19. Ng3 Nxg3 20.
hxg3 e2 21. Rxe2 Bxe2 22. Re1 Kf7 23. Nc7 0-1